|
|
|
|
| LEADER |
01315nam a2200241 a 4500 |
| 001 |
GR-MES781 |
| 008 |
991111s1987 gr 000 0 gre d |
| 040 |
|
|
|a GrPaTEI
|b gre
|c GR-PaULI
|
| 082 |
|
0 |
|a 34607
|
| 245 |
0 |
0 |
|a Σχέδιο Εμπορικού Κώδικα :
|b κείμενο,εισηγητικές εκθέσεις
|n 12.
|
| 260 |
|
|
|a Αθήνα
|a Κομοτηνή :
|b Αντ. Ν. Σάκκουλας,
|c 1987
|
| 300 |
|
|
|a 238σ., 24εκ.
|
| 490 |
0 |
|
|a Μελέτες Εμπορικού και Ναυτικού Δικαίου ;
|v 12
|
| 650 |
|
4 |
|a Δίκαιο
|
| 650 |
|
4 |
|a Εμπορικό Δίκαιο
|
| 700 |
1 |
|
|a Αργυριάδης, Αλκης Α.
|
| 710 |
0 |
|
|a Αντ. Ν. Σάκκουλας
|
| 710 |
2 |
|
|a Ειδική Νομοπαρασκευαστική Επιτροπή Υπουργείου Δικαιοσύνης
|
| 942 |
|
|
|2 ddc
|
| 952 |
|
|
|0 0
|1 0
|2 ddc
|4 0
|6 343_080000000000000_ΑΡΓ
|7 0
|9 264368
|a MSLG
|b MSLG
|c BSC
|d 2021-01-17
|e 24
|f 0
|g 0.00
|l 0
|o 343.08 ΑΡΓ
|p 2420000001121
|r 2021-01-17 00:00:00
|t 1
|w 2021-01-17
|y BK15
|x 20001214 0 1
|x GrPaTEI
|
| 952 |
|
|
|0 0
|1 0
|2 ddc
|4 0
|6 343_080000000000000_ΑΡΓ
|7 0
|9 264369
|a MSLG
|b MSLG
|c BSC
|d 2021-01-17
|e 24
|f 0
|g 0.00
|l 0
|o 343.08 ΑΡΓ
|p 2420000009913
|r 2021-01-17 00:00:00
|t 1
|w 2021-01-17
|y BK15
|x 20001214 0 1
|x GrPaTEI
|
| 971 |
|
|
|a .b25718228
|b 01-10-20
|c 13-09-16
|
| 999 |
|
|
|c 152092
|d 152092
|